| 000 | 00464nam a2200169Ia 4500 | ||
|---|---|---|---|
| 005 | 20250424120306.0 | ||
| 008 | 250424s9999 xx 000 0 und d | ||
| 022 | _a23607734 | ||
| 050 | _aHM 19 .K33/ | ||
| 245 | 0 | _aKuduna journal of sociology (KJS) | |
| 260 | _aKaduna, Nigeria | ||
| 260 | _b Association for Education in Journalism and Mass Communication | ||
| 260 | _c2017 | ||
| 300 | _avi, 214 p. ; 24 cm. | ||
| 650 | _aSociology--History. | ||
| 942 | _cSR | ||
| 999 |
_c38477 _d38477 |
||